[Event "European Women's Championship"]
[Site "Vysoke Tatry"]
[Date "2018.04.14"]
[Round "7"]
[White "Berke, Ana"]
[Black "Klek, Hanna Marie"]
[Result "1/2-1/2"]
[Board "57"]
[WhiteElo "2173"]
[WhiteTitle "WIM"]
[WhiteCountry "CRO"]
[WhiteFideId "14510359"]
[WhiteEloChange "4"]
[BlackElo "2327"]
[BlackTitle "WGM"]
[BlackCountry "GER"]
[BlackFideId "24670057"]
[BlackEloChange "-4"]

1. e4 {[%clk 1:30:56]} e5 {[%clk 1:30:57]} 2. Nf3 {[%clk 1:31:18]} Nc6 {[%clk
1:31:24]} 3. Bb5 {[%clk 1:31:42]} a6 {[%clk 1:31:50]} 4. Ba4 {[%clk 1:32:08]} Nf6
{[%clk 1:32:17]} 5. d3 {[%clk 1:32:15]} d6 {[%clk 1:32:39]} 6. c3 {[%clk
1:32:07]} g6 {[%clk 1:33:04]} 7. O-O {[%clk 1:32:21]} Bg7 {[%clk 1:33:30]} 8.
Nbd2 {[%clk 1:32:27]} O-O {[%clk 1:33:49]} 9. Re1 {[%clk 1:32:50]} b5 {[%clk
1:33:16]} 10. Bc2 {[%clk 1:33:09]} Qe7 {[%clk 1:28:43]} 11. a4 {[%clk 1:31:33]}
Bb7 {[%clk 1:26:54]} 12. b4 {[%clk 1:29:49]} Nh5 {[%clk 1:24:52]} 13. Nb3 {[%clk
1:27:26]} Rfb8 {[%clk 1:23:41]} 14. Bg5 {[%clk 1:19:23]} Qe8 {[%clk 1:21:22]} 15.
Qd2 {[%clk 1:11:57]} Bc8 {[%clk 1:15:34]} 16. h3 {[%clk 1:07:22]} Bd7 {[%clk
1:10:00]} 17. a5 {[%clk 1:04:37]} f6 {[%clk 1:05:57]} 18. Be3 {[%clk 1:01:49]} f5
{[%clk 1:05:46]} 19. Bh6 {[%clk 0:55:03]} fxe4 {[%clk 0:58:52]} 20. Rxe4 {[%clk
0:50:41]} Bxh6 {[%clk 0:58:17]} 21. Qxh6 {[%clk 0:50:45]} Qf8 {[%clk 0:58:41]}
22. Qg5 {[%clk 0:41:32]} Nd8 {[%clk 0:52:24]} 23. d4 {[%clk 0:39:57]} Ne6 {[%clk
0:47:56]} 24. Qe3 {[%clk 0:38:22]} exd4 {[%clk 0:41:27]} 25. Nbxd4 {[%clk
0:37:32]} Nxd4 {[%clk 0:39:51]} 26. Nxd4 {[%clk 0:31:05]} Re8 {[%clk 0:39:50]}
27. Bb3+ {[%clk 0:26:24]} Kh8 {[%clk 0:40:13]} 28. Ne6 {[%clk 0:25:15]} Bxe6
{[%clk 0:40:21]} 29. Bxe6 {[%clk 0:23:11]} Qg7 {[%clk 0:38:29]} 30. Qd4 {[%clk
0:20:49]} Nf4 {[%clk 0:26:32]} 31. Rae1 {[%clk 0:17:03]} Qxd4 {[%clk 0:19:55]}
32. cxd4 {[%clk 0:17:28]} Rxe6 {[%clk 0:15:25]} 33. Rxe6 {[%clk 0:17:34]} Nxe6
{[%clk 0:15:33]} 34. Rxe6 {[%clk 0:18:01]} Rf8 {[%clk 0:15:37]} 35. Re7 {[%clk
0:12:22]} Rf4 {[%clk 0:15:15]} 36. Rxc7 {[%clk 0:12:08]} Rxd4 {[%clk 0:15:39]}
37. Rc6 {[%clk 0:12:14]} d5 {[%clk 0:14:25]} 38. Rxa6 {[%clk 0:11:49]} Rxb4
{[%clk 0:14:49]} 39. Rb6 {[%clk 0:10:40]} Rb1+ {[%clk 0:09:17]} 40. Kh2 {[%clk
0:41:05]} d4 {[%clk 0:39:05]} 41. a6 {[%clk 0:38:01]} Kg7 {[%clk 0:36:31]} 42. a7
{[%clk 0:29:53]} Ra1 {[%clk 0:36:55]} 43. Rxb5 {[%clk 0:30:03]} Rxa7 {[%clk
0:37:18]} 44. Rd5 {[%clk 0:30:17]} Ra4 {[%clk 0:37:30]} 45. Kg3 {[%clk 0:29:51]}
h5 {[%clk 0:37:18]} 46. Kf4 {[%clk 0:29:12]} Ra2 {[%clk 0:35:48]} 47. Rxd4 {[%clk
0:27:47]} Rxf2+ {[%clk 0:36:10]} 48. Kg3 {[%clk 0:28:13]} Rf5 {[%clk 0:36:30]}
1/2-1/2

[Event "European Women's Championship"]
[Site "Vysoke Tatry"]
[Date "2018.04.14"]
[Round "7"]
[White "Huda, Maryana"]
[Black "Prudnykova, Olga"]
[Result "0-1"]
[Board "58"]
[WhiteElo "2161"]
[WhiteTitle "WGM"]
[WhiteCountry "UKR"]
[WhiteFideId "14116553"]
[WhiteEloChange "-7"]
[BlackElo "2281"]
[BlackTitle "WIM"]
[BlackCountry "UKR"]
[BlackFideId "14121093"]
[BlackEloChange "7"]

1. Nf3 {[%clk 1:30:58]} Nf6 {[%clk 1:30:55]} 2. g3 {[%clk 1:31:20]} g6 {[%clk
1:31:19]} 3. Bg2 {[%clk 1:31:45]} Bg7 {[%clk 1:31:41]} 4. O-O {[%clk 1:32:05]} d5
{[%clk 1:32:08]} 5. d3 {[%clk 1:32:15]} O-O {[%clk 1:31:51]} 6. Nc3 {[%clk
1:32:28]} c5 {[%clk 1:28:53]} 7. e4 {[%clk 1:32:39]} Nc6 {[%clk 1:27:01]} 8. Re1
{[%clk 1:29:11]} d4 {[%clk 1:14:10]} 9. Ne2 {[%clk 1:27:36]} e5 {[%clk 1:13:43]}
10. Nd2 {[%clk 1:27:12]} Be6 {[%clk 1:08:36]} 11. f4 {[%clk 1:14:16]} Ng4 {[%clk
0:51:03]} 12. Nf1 {[%clk 1:12:49]} c4 {[%clk 0:49:32]} 13. h3 {[%clk 1:10:56]}
cxd3 {[%clk 0:48:05]} 14. cxd3 {[%clk 1:10:40]} Nf6 {[%clk 0:46:29]} 15. g4
{[%clk 1:08:00]} exf4 {[%clk 0:43:05]} 16. Nxf4 {[%clk 1:06:38]} Nd7 {[%clk
0:39:02]} 17. Bd2 {[%clk 0:59:59]} Qb6 {[%clk 0:37:05]} 18. b4 {[%clk 0:55:30]}
Rac8 {[%clk 0:33:28]} 19. Qa4 {[%clk 0:35:08]} Nce5 {[%clk 0:28:27]} 20. Rac1
{[%clk 0:28:59]} Qa6 {[%clk 0:22:21]} 21. Qxa6 {[%clk 0:27:26]} bxa6 {[%clk
0:22:47]} 22. g5 {[%clk 0:18:32]} Nb6 {[%clk 0:13:06]} 23. Nh2 {[%clk 0:13:44]}
Bxa2 {[%clk 0:12:50]} 24. Nf3 {[%clk 0:13:22]} Nbd7 {[%clk 0:10:39]} 25. Kf2
{[%clk 0:12:30]} f6 {[%clk 0:05:47]} 26. gxf6 {[%clk 0:07:12]} Bxf6 {[%clk
0:06:13]} 27. Ke2 {[%clk 0:04:33]} Nxf3 {[%clk 0:05:46]} 28. Bxf3 {[%clk
0:04:22]} Ne5 {[%clk 0:02:18]} 29. Bg4 {[%clk 0:02:37]} Nxg4 {[%clk 0:00:48]} 30.
hxg4 {[%clk 0:03:02]} Bh4 {[%clk 0:00:45]} 31. Rxc8 {[%clk 0:02:18]} Rxc8 {[%clk
0:01:11]} 32. Rc1 {[%clk 0:01:13]} Rf8 {[%clk 0:00:55]} 33. Ra1 {[%clk 0:00:43]}
Bb3 {[%clk 0:01:19]} 34. Nh3 {[%clk 0:00:35]} Be6 {[%clk 0:01:34]} 35. Rg1 {[%clk
0:00:40]} h5 {[%clk 0:00:56]} 36. gxh5 {[%clk 0:00:36]} Bxh3 {[%clk 0:01:21]} 37.
Rxg6+ {[%clk 0:00:54]} Kh7 {[%clk 0:00:42]} 38. Rh6+ {[%clk 0:01:13]} Kg7 {[%clk
0:01:06]} 39. Rg6+ {[%clk 0:01:33]} Kh7 {[%clk 0:01:05]} 40. Rh6+ {[%clk
0:31:59]} Kg7 {[%clk 0:31:07]} 41. Rg6+ {[%clk 0:32:25]} Kf7 {[%clk 0:31:10]} 42.
Bf4 {[%clk 0:28:27]} Bf6 {[%clk 0:11:42]} 43. e5 {[%clk 0:19:19]} Bh8 {[%clk
0:10:06]} 44. Rd6 {[%clk 0:15:44]} Re8 {[%clk 0:04:14]} 45. Rxd4 {[%clk 0:12:01]}
Bxe5 {[%clk 0:04:39]} 46. Bxe5 {[%clk 0:12:28]} Rxe5+ {[%clk 0:05:06]} 47. Kd2
{[%clk 0:10:39]} Rxh5 {[%clk 0:05:30]} 48. Rd6 {[%clk 0:10:07]} a5 {[%clk
0:03:47]} 49. Ra6 {[%clk 0:10:15]} axb4 {[%clk 0:04:14]} 50. Rxa7+ {[%clk
0:10:41]} Kf6 {[%clk 0:04:40]} 51. Rb7 {[%clk 0:11:01]} Rh4 {[%clk 0:05:05]} 52.
Kc2 {[%clk 0:09:52]} Be6 {[%clk 0:05:32]} 53. Rb5 {[%clk 0:07:28]} Rh2+ {[%clk
0:05:08]} 54. Kb1 {[%clk 0:07:20]} b3 {[%clk 0:05:35]} 55. Rb4 {[%clk 0:06:31]}
Bd5 {[%clk 0:04:54]} 56. Rg4 {[%clk 0:02:53]} Rd2 {[%clk 0:03:32]} 57. Rg3 {[%clk
0:03:03]} Ke5 {[%clk 0:03:38]} 58. Kc1 {[%clk 0:03:00]} Rc2+ {[%clk 0:03:45]} 59.
Kb1 {[%clk 0:02:47]} Kd4 {[%clk 0:04:05]} 60. Rh3 {[%clk 0:02:27]} Rd2 {[%clk
0:03:20]} 61. Rh4+ {[%clk 0:00:44]} Kc3 {[%clk 0:03:16]} 0-1

[Event "European Women's Championship"]
[Site "Vysoke Tatry"]
[Date "2018.04.14"]
[Round "7"]
[White "Motycakova, Monika"]
[Black "Kejzar, Petra"]
[Result "1-0"]
[Board "59"]
[WhiteElo "2207"]
[WhiteTitle "WFM"]
[WhiteCountry "SVK"]
[WhiteFideId "14909626"]
[WhiteEloChange "6"]
[BlackElo "2071"]
[BlackCountry "SLO"]
[BlackFideId "14610213"]
[BlackEloChange "-6"]

1. e4 {[%clk 1:30:46]} c5 {[%clk 1:30:50]} 2. Nf3 {[%clk 1:31:10]} Nc6 {[%clk
1:31:08]} 3. d4 {[%clk 1:31:18]} cxd4 {[%clk 1:31:34]} 4. Nxd4 {[%clk 1:31:42]}
Qc7 {[%clk 1:31:40]} 5. Nc3 {[%clk 1:31:19]} e6 {[%clk 1:31:38]} 6. Be2 {[%clk
1:31:06]} a6 {[%clk 1:32:00]} 7. O-O {[%clk 1:31:20]} Nf6 {[%clk 1:32:08]} 8. Be3
{[%clk 1:31:21]} Bb4 {[%clk 1:31:21]} 9. Na4 {[%clk 1:31:45]} Be7 {[%clk
1:31:43]} 10. Nxc6 {[%clk 1:31:39]} bxc6 {[%clk 1:32:06]} 11. Nb6 {[%clk
1:31:52]} Rb8 {[%clk 1:32:29]} 12. Nxc8 {[%clk 1:32:18]} Qxc8 {[%clk 1:32:55]}
13. Bd4 {[%clk 1:32:04]} c5 {[%clk 1:33:12]} 14. Be5 {[%clk 1:31:51]} Rb6 {[%clk
1:33:37]} 15. Qd3 {[%clk 1:29:38]} d6 {[%clk 1:34:00]} 16. Bc3 {[%clk 1:29:43]}
O-O {[%clk 1:34:13]} 17. b3 {[%clk 1:25:09]} d5 {[%clk 1:33:13]} 18. e5 {[%clk
1:13:52]} Nd7 {[%clk 1:33:08]} 19. Rad1 {[%clk 1:05:44]} f5 {[%clk 1:27:43]} 20.
f4 {[%clk 0:51:01]} c4 {[%clk 1:24:22]} 21. bxc4 {[%clk 0:46:55]} Nc5 {[%clk
1:22:38]} 22. Qe3 {[%clk 0:42:11]} Ne4 {[%clk 1:22:07]} 23. Bd4 {[%clk 0:40:26]}
Rb4 {[%clk 1:21:13]} 24. cxd5 {[%clk 0:33:10]} Rxd4 {[%clk 1:20:57]} 25. Rxd4
{[%clk 0:33:30]} exd5 {[%clk 1:19:17]} 26. Rxd5 {[%clk 0:30:15]} Nc3 {[%clk
1:10:59]} 27. Rd4 {[%clk 0:20:24]} Nxe2+ {[%clk 1:05:05]} 28. Qxe2 {[%clk
0:20:50]} Bc5 {[%clk 1:05:18]} 29. c3 {[%clk 0:20:35]} Rd8 {[%clk 1:05:01]} 30.
Rd1 {[%clk 0:17:05]} Bxd4+ {[%clk 1:02:33]} 31. cxd4 {[%clk 0:17:30]} Qc6 {[%clk
1:02:49]} 32. Qd3 {[%clk 0:15:07]} Qa4 {[%clk 1:01:19]} 33. Qb3+ {[%clk 0:09:29]}
Qxb3 {[%clk 1:01:43]} 34. axb3 {[%clk 0:09:58]} Rd5 {[%clk 1:01:58]} 35. Kf2
{[%clk 0:10:18]} Kf7 {[%clk 1:02:20]} 36. Ke3 {[%clk 0:10:42]} Ke6 {[%clk
1:02:39]} 37. Ra1 {[%clk 0:07:04]} a5 {[%clk 1:03:00]} 38. Kd3 {[%clk 0:07:17]}
Rb5 {[%clk 1:03:17]} 39. Kc4 {[%clk 0:06:50]} Rb4+ {[%clk 1:03:32]} 40. Kc3
{[%clk 0:34:11]} Rb5 {[%clk 1:33:50]} 41. Kc4 {[%clk 0:30:40]} Rb4+ {[%clk
1:34:14]} 42. Kc5 {[%clk 0:30:58]} Rxb3 {[%clk 1:34:34]} 43. d5+ {[%clk 0:31:18]}
Kd7 {[%clk 1:34:28]} 44. Rxa5 {[%clk 0:31:30]} Rc3+ {[%clk 1:34:29]} 45. Kd4
{[%clk 0:31:27]} Rc2 {[%clk 1:34:23]} 46. Ra7+ {[%clk 0:31:51]} 1-0

[Event "European Women's Championship"]
[Site "Vysoke Tatry"]
[Date "2018.04.14"]
[Round "7"]
[White "Cosman, Andreea-Marioara"]
[Black "Zherebtsova, Alexandra"]
[Result "1/2-1/2"]
[Board "60"]
[WhiteElo "2141"]
[WhiteTitle "WFM"]
[WhiteCountry "ROU"]
[WhiteFideId "1217968"]
[WhiteEloChange "2"]
[BlackElo "2202"]
[BlackTitle "WFM"]
[BlackCountry "RUS"]
[BlackFideId "24129518"]
[BlackEloChange "-2"]

1. d4 {[%clk 1:30:57]} d5 {[%clk 1:30:58]} 2. c4 {[%clk 1:31:19]} dxc4 {[%clk
1:31:24]} 3. Nf3 {[%clk 1:31:44]} Nf6 {[%clk 1:31:45]} 4. e3 {[%clk 1:32:01]} a6
{[%clk 1:31:58]} 5. Bxc4 {[%clk 1:31:31]} e6 {[%clk 1:30:53]} 6. O-O {[%clk
1:30:51]} c5 {[%clk 1:29:16]} 7. b3 {[%clk 1:27:15]} Nc6 {[%clk 1:26:25]} 8. Bb2
{[%clk 1:25:15]} b5 {[%clk 1:25:49]} 9. Be2 {[%clk 1:25:32]} Bb7 {[%clk 1:26:09]}
10. a4 {[%clk 1:24:18]} b4 {[%clk 1:24:36]} 11. Nbd2 {[%clk 1:24:22]} Nd5 {[%clk
1:06:06]} 12. dxc5 {[%clk 1:17:12]} Bxc5 {[%clk 0:58:57]} 13. Ne4 {[%clk
1:15:47]} Be7 {[%clk 0:58:23]} 14. Rc1 {[%clk 1:01:45]} Qb6 {[%clk 0:52:51]} 15.
Bxg7 {[%clk 0:48:47]} Rg8 {[%clk 0:53:17]} 16. Bb2 {[%clk 0:48:21]} f5 {[%clk
0:43:57]} 17. Ng3 {[%clk 0:43:11]} Rd8 {[%clk 0:39:30]} 18. Nd4 {[%clk 0:38:24]}
Ne5 {[%clk 0:30:25]} 19. Bh5+ {[%clk 0:37:35]} Ng6 {[%clk 0:30:17]} 20. a5 {[%clk
0:24:05]} Qxa5 {[%clk 0:26:29]} 21. Nxe6 {[%clk 0:21:38]} Nxe3 {[%clk 0:26:21]}
22. Qe2 {[%clk 0:14:30]} Nxf1 {[%clk 0:26:38]} 23. Nc7+ {[%clk 0:14:57]} Kf8
{[%clk 0:25:47]} 24. Ne6+ {[%clk 0:15:13]} Ke8 {[%clk 0:24:31]} 25. Nc7+ {[%clk
0:15:39]} Kf8 {[%clk 0:22:14]} 26. Ne6+ {[%clk 0:15:58]} 1/2-1/2

[Event "European Women's Championship"]
[Site "Vysoke Tatry"]
[Date "2018.04.14"]
[Round "7"]
[White "Okuyaz, Duru"]
[Black "Petrenko, Svetlana"]
[Result "1/2-1/2"]
[Board "62"]
[WhiteElo "2122"]
[WhiteTitle "WFM"]
[WhiteCountry "TUR"]
[WhiteFideId "6346022"]
[WhiteEloChange "2"]
[BlackElo "2178"]
[BlackTitle "IM"]
[BlackCountry "MDA"]
[BlackFideId "13900196"]
[BlackEloChange "-2"]

1. e4 {[%clk 1:30:57]} g6 {[%clk 1:30:53]} 2. d4 {[%clk 1:31:22]} Bg7 {[%clk
1:30:51]} 3. Nc3 {[%clk 1:30:57]} d6 {[%clk 1:30:54]} 4. Nf3 {[%clk 1:31:19]} c6
{[%clk 1:30:47]} 5. Be2 {[%clk 1:31:26]} Nf6 {[%clk 1:29:08]} 6. O-O {[%clk
1:31:27]} O-O {[%clk 1:29:24]} 7. h3 {[%clk 1:30:17]} b5 {[%clk 1:28:32]} 8. a3
{[%clk 1:29:10]} a6 {[%clk 1:28:26]} 9. Bf4 {[%clk 1:28:06]} Bb7 {[%clk 1:23:21]}
10. e5 {[%clk 1:23:28]} dxe5 {[%clk 1:22:01]} 11. Nxe5 {[%clk 1:13:31]} Nbd7
{[%clk 1:20:22]} 12. Bf3 {[%clk 1:11:15]} Rc8 {[%clk 1:18:45]} 13. Qe2 {[%clk
1:08:08]} Nd5 {[%clk 1:14:13]} 14. Bd2 {[%clk 1:04:12]} Nxe5 {[%clk 0:59:41]} 15.
dxe5 {[%clk 1:03:36]} Qc7 {[%clk 0:58:14]} 16. e6 {[%clk 0:59:28]} f5 {[%clk
0:58:15]} 17. Rad1 {[%clk 0:51:22]} Rcd8 {[%clk 0:50:32]} 18. Nxd5 {[%clk
0:45:14]} cxd5 {[%clk 0:50:59]} 19. c3 {[%clk 0:44:15]} f4 {[%clk 0:46:11]} 20.
Rfe1 {[%clk 0:43:22]} h5 {[%clk 0:30:02]} 21. Bc1 {[%clk 0:39:13]} Rf5 {[%clk
0:28:06]} 22. Qd3 {[%clk 0:38:04]} Rdf8 {[%clk 0:20:36]} 23. Re2 {[%clk 0:35:33]}
Bc6 {[%clk 0:15:50]} 24. b3 {[%clk 0:33:45]} a5 {[%clk 0:14:40]} 25. Bb2 {[%clk
0:31:56]} Qb7 {[%clk 0:13:46]} 26. Qc2 {[%clk 0:23:58]} a4 {[%clk 0:12:59]} 27.
bxa4 {[%clk 0:23:18]} bxa4 {[%clk 0:13:27]} 28. c4 {[%clk 0:22:57]} d4 {[%clk
0:09:19]} 29. Bxc6 {[%clk 0:23:00]} Qxc6 {[%clk 0:09:47]} 30. f3 {[%clk 0:20:52]}
Rd8 {[%clk 0:09:50]} 31. Qd3 {[%clk 0:20:14]} Kh7 {[%clk 0:08:48]} 32. Re4 {[%clk
0:18:56]} Rd6 {[%clk 0:08:14]} 33. Rde1 {[%clk 0:16:33]} Qb6 {[%clk 0:07:16]} 34.
Bc1 {[%clk 0:16:10]} Qb3 {[%clk 0:05:39]} 35. Rd1 {[%clk 0:14:15]} Qxd3 {[%clk
0:04:19]} 36. Rxd3 {[%clk 0:14:36]} g5 {[%clk 0:04:13]} 37. Bd2 {[%clk 0:14:54]}
Be5 {[%clk 0:01:38]} 38. Kf1 {[%clk 0:14:19]} Rc6 {[%clk 0:01:00]} 39. Bb4 {[%clk
0:14:28]} Rxc4 {[%clk 0:01:19]} 40. Bxe7 {[%clk 0:44:04]} Rc6 {[%clk 0:31:44]}
41. Bb4 {[%clk 0:43:06]} Rxe6 {[%clk 0:23:33]} 42. Rdxd4 {[%clk 0:42:37]} Bxd4
{[%clk 0:23:59]} 43. Rxe6 {[%clk 0:42:57]} g4 {[%clk 0:19:35]} 44. hxg4 {[%clk
0:41:33]} hxg4 {[%clk 0:20:03]} 45. fxg4 {[%clk 0:41:45]} Rg5 {[%clk 0:19:31]}
46. Re4 {[%clk 0:40:19]} Be3 {[%clk 0:19:33]} 47. Bd6 {[%clk 0:38:43]} Rxg4
{[%clk 0:19:55]} 48. Rxa4 {[%clk 0:38:48]} Kg6 {[%clk 0:20:02]} 49. Rc4 {[%clk
0:36:39]} Kf5 {[%clk 0:20:09]} 50. Bc5 {[%clk 0:33:08]} Rg3 {[%clk 0:17:52]} 51.
Bd6 {[%clk 0:30:12]} Rg6 {[%clk 0:17:47]} 52. Bc7 {[%clk 0:24:41]} Kg4 {[%clk
0:16:23]} 53. Rc3 {[%clk 0:20:45]} Rh6 {[%clk 0:12:51]} 54. a4 {[%clk 0:12:05]}
Rh1+ {[%clk 0:10:46]} 55. Ke2 {[%clk 0:12:28]} Rg1 {[%clk 0:10:39]} 56. a5 {[%clk
0:10:37]} Rxg2+ {[%clk 0:10:59]} 57. Kd3 {[%clk 0:09:23]} Ra2 {[%clk 0:10:47]}
58. Kc4 {[%clk 0:06:36]} Bd2 {[%clk 0:06:40]} 59. Rd3 {[%clk 0:03:38]} Bxa5
{[%clk 0:05:06]} 60. Kb3 {[%clk 0:03:48]} Rd2 {[%clk 0:02:28]} 61. Rxd2 {[%clk
0:04:14]} Bxd2 {[%clk 0:02:56]} 62. Bxf4 {[%clk 0:04:37]} Bxf4 {[%clk 0:03:20]}
1/2-1/2

[Event "European Women's Championship"]
[Site "Vysoke Tatry"]
[Date "2018.04.14"]
[Round "7"]
[White "Azimova, Karina"]
[Black "Vidic, Teja"]
[Result "0-1"]
[Board "63"]
[WhiteElo "2069"]
[WhiteTitle "WFM"]
[WhiteCountry "RUS"]
[WhiteFideId "4108310"]
[WhiteEloChange "-7"]
[BlackElo "2176"]
[BlackTitle "WFM"]
[BlackCountry "SLO"]
[BlackFideId "14605511"]
[BlackEloChange "7"]

1. e4 {[%clk 1:30:58]} e5 {[%clk 1:30:54]} 2. Nc3 {[%clk 1:31:23]} Nf6 {[%clk
1:31:13]} 3. Nf3 {[%clk 1:31:49]} Nc6 {[%clk 1:31:38]} 4. d4 {[%clk 1:32:15]}
exd4 {[%clk 1:32:00]} 5. Nxd4 {[%clk 1:32:41]} Bb4 {[%clk 1:32:21]} 6. Nxc6
{[%clk 1:33:01]} bxc6 {[%clk 1:32:47]} 7. Bd3 {[%clk 1:33:24]} O-O {[%clk
1:33:12]} 8. O-O {[%clk 1:32:31]} Re8 {[%clk 1:33:38]} 9. Qf3 {[%clk 1:27:29]}
Bd6 {[%clk 1:32:57]} 10. Ne2 {[%clk 1:15:11]} Be5 {[%clk 1:30:52]} 11. h3 {[%clk
1:12:36]} Rb8 {[%clk 1:29:58]} 12. c3 {[%clk 1:11:58]} d5 {[%clk 1:28:38]} 13.
exd5 {[%clk 1:10:30]} cxd5 {[%clk 1:29:03]} 14. Nd4 {[%clk 1:09:16]} Rb6 {[%clk
1:24:09]} 15. a4 {[%clk 1:04:54]} Ne4 {[%clk 1:20:38]} 16. a5 {[%clk 0:55:22]}
Rf6 {[%clk 1:16:13]} 17. Qh5 {[%clk 0:44:47]} c5 {[%clk 1:11:24]} 18. Bxe4 {[%clk
0:42:49]} dxe4 {[%clk 1:11:03]} 19. Nc2 {[%clk 0:36:48]} Rf5 {[%clk 1:04:08]} 20.
Qe2 {[%clk 0:34:45]} Qh4 {[%clk 1:02:18]} 21. c4 {[%clk 0:29:25]} Rf6 {[%clk
0:58:16]} 22. Ra3 {[%clk 0:28:29]} Rg6 {[%clk 0:56:37]} 23. Qe3 {[%clk 0:25:21]}
Bg4 {[%clk 0:51:03]} 24. f4 {[%clk 0:12:29]} exf3 {[%clk 0:48:57]} 25. Qf2 {[%clk
0:12:28]} Bg3 {[%clk 0:48:09]} 26. Qxc5 {[%clk 0:12:37]} fxg2 {[%clk 0:46:36]}
27. Rff3 {[%clk 0:09:52]} Qxh3 {[%clk 0:46:15]} 28. Rxg3 {[%clk 0:09:53]} Qh1+
{[%clk 0:46:41]} 0-1

[Event "European Women's Championship"]
[Site "Vysoke Tatry"]
[Date "2018.04.14"]
[Round "7"]
[White "Chan, Naruna"]
[Black "Batyte, Daiva"]
[Result "0-1"]
[Board "64"]
[WhiteElo "1909"]
[WhiteCountry "RUS"]
[WhiteFideId "24124290"]
[WhiteEloChange "-4"]
[BlackElo "2165"]
[BlackTitle "WFM"]
[BlackCountry "LTU"]
[BlackFideId "12801860"]
[BlackEloChange "4"]

1. e4 {[%clk 1:30:59]} e6 {[%clk 1:30:55]} 2. d4 {[%clk 1:31:20]} d5 {[%clk
1:31:19]} 3. Bd3 {[%clk 1:31:40]} dxe4 {[%clk 1:28:22]} 4. Bxe4 {[%clk 1:32:03]}
Nf6 {[%clk 1:27:36]} 5. Bf3 {[%clk 1:32:28]} c5 {[%clk 1:26:08]} 6. Ne2 {[%clk
1:32:30]} Nc6 {[%clk 1:25:51]} 7. Be3 {[%clk 1:32:03]} cxd4 {[%clk 1:19:01]} 8.
Nxd4 {[%clk 1:28:07]} Bd7 {[%clk 1:19:00]} 9. O-O {[%clk 1:05:37]} Be7 {[%clk
1:17:54]} 10. Nc3 {[%clk 1:01:22]} O-O {[%clk 1:17:16]} 11. Qe2 {[%clk 0:58:05]}
Qc8 {[%clk 1:14:47]} 12. Nxc6 {[%clk 0:47:10]} Bxc6 {[%clk 1:13:28]} 13. Rfd1
{[%clk 0:45:50]} e5 {[%clk 1:03:37]} 14. Bg5 {[%clk 0:41:29]} Re8 {[%clk
1:02:10]} 15. Bxc6 {[%clk 0:38:11]} Qxc6 {[%clk 1:01:22]} 16. Qxe5 {[%clk
0:24:38]} Ba3 {[%clk 0:45:50]} 17. Qb5 {[%clk 0:23:42]} Qxb5 {[%clk 0:45:30]} 18.
Nxb5 {[%clk 0:24:09]} Bxb2 {[%clk 0:45:40]} 19. Rab1 {[%clk 0:24:03]} Be5 {[%clk
0:44:01]} 20. f4 {[%clk 0:23:09]} Bb8 {[%clk 0:43:39]} 21. Bxf6 {[%clk 0:17:19]}
gxf6 {[%clk 0:42:15]} 22. g3 {[%clk 0:14:46]} a6 {[%clk 0:41:33]} 23. Nd4 {[%clk
0:10:20]} b5 {[%clk 0:39:32]} 24. Nf5 {[%clk 0:07:00]} Ba7+ {[%clk 0:37:31]} 25.
Kf1 {[%clk 0:06:37]} Red8 {[%clk 0:35:35]} 26. Ke2 {[%clk 0:01:22]} Re8+ {[%clk
0:30:29]} 27. Kf3 {[%clk 0:01:15]} h5 {[%clk 0:28:08]} 28. Rd7 {[%clk 0:01:27]}
Bc5 {[%clk 0:26:13]} 29. Rbd1 {[%clk 0:01:21]} Rac8 {[%clk 0:25:39]} 30. R1d2
{[%clk 0:01:23]} Bb4 {[%clk 0:24:37]} 31. Rg2 {[%clk 0:00:38]} Rc3+ {[%clk
0:24:22]} 32. Rd3 {[%clk 0:01:07]} Rc5 {[%clk 0:21:51]} 33. g4 {[%clk 0:01:35]}
hxg4+ {[%clk 0:20:45]} 34. Rxg4+ {[%clk 0:01:54]} Kh7 {[%clk 0:20:51]} 35. Rg7+
{[%clk 0:01:19]} Kh8 {[%clk 0:21:11]} 36. Kg4 {[%clk 0:01:48]} Rxf5 {[%clk
0:21:24]} 37. Rxf7 {[%clk 0:01:58]} Rc5 {[%clk 0:19:37]} 38. Rh3+ {[%clk
0:02:13]} Kg8 {[%clk 0:19:45]} 39. Rhh7 {[%clk 0:02:36]} f5+ {[%clk 0:18:10]} 40.
Kg5 {[%clk 0:30:55]} Bc3 {[%clk 0:48:22]} 41. Ra7 {[%clk 0:28:13]} Rc6 {[%clk
0:45:50]} 42. Kxf5 {[%clk 0:26:01]} Rf8+ {[%clk 0:40:12]} 43. Ke4 {[%clk
0:20:16]} Re6+ {[%clk 0:40:05]} 44. Kd3 {[%clk 0:19:09]} Bf6 {[%clk 0:39:12]} 45.
Rhd7 {[%clk 0:13:36]} Rfe8 {[%clk 0:39:00]} 46. c4 {[%clk 0:10:59]} Re2 {[%clk
0:38:13]} 47. cxb5 {[%clk 0:10:59]} axb5 {[%clk 0:38:04]} 0-1

[Event "European Women's Championship"]
[Site "Vysoke Tatry"]
[Date "2018.04.14"]
[Round "7"]
[White "Makka, Ioulia"]
[Black "Ozbay, Ece"]
[Result "0-1"]
[Board "65"]
[WhiteElo "2076"]
[WhiteTitle "WIM"]
[WhiteCountry "GRE"]
[WhiteFideId "4205316"]
[WhiteEloChange "-6"]
[BlackElo "2216"]
[BlackTitle "WFM"]
[BlackCountry "TUR"]
[BlackFideId "6351743"]
[BlackEloChange "6"]

1. e4 {[%clk 1:30:56]} c5 {[%clk 1:30:55]} 2. Nf3 {[%clk 1:31:18]} e6 {[%clk
1:31:23]} 3. d4 {[%clk 1:31:40]} cxd4 {[%clk 1:31:50]} 4. Nxd4 {[%clk 1:32:03]}
Nc6 {[%clk 1:32:18]} 5. Nc3 {[%clk 1:32:22]} Qc7 {[%clk 1:32:42]} 6. g3 {[%clk
1:32:36]} a6 {[%clk 1:33:03]} 7. Bg2 {[%clk 1:32:46]} Nf6 {[%clk 1:33:27]} 8. O-O
{[%clk 1:32:39]} Nxd4 {[%clk 1:32:58]} 9. Qxd4 {[%clk 1:32:32]} Bc5 {[%clk
1:33:19]} 10. Bf4 {[%clk 1:32:32]} d6 {[%clk 1:33:25]} 11. Qd2 {[%clk 1:32:22]}
h6 {[%clk 1:33:44]} 12. Rad1 {[%clk 1:31:04]} e5 {[%clk 1:34:04]} 13. Be3 {[%clk
1:31:23]} Be6 {[%clk 1:34:16]} 14. Bxc5 {[%clk 1:30:36]} dxc5 {[%clk 1:34:21]}
15. Nd5 {[%clk 1:30:27]} Bxd5 {[%clk 1:34:44]} 16. exd5 {[%clk 1:30:50]} Qd6
{[%clk 1:35:03]} 17. c4 {[%clk 1:05:48]} O-O {[%clk 1:34:46]} 18. a3 {[%clk
1:05:44]} Rac8 {[%clk 1:33:39]} 19. Rfe1 {[%clk 0:58:39]} Rfe8 {[%clk 1:30:38]}
20. a4 {[%clk 0:42:44]} Rb8 {[%clk 1:24:37]} 21. a5 {[%clk 0:40:49]} b5 {[%clk
1:19:51]} 22. axb6 {[%clk 0:38:51]} Rxb6 {[%clk 1:15:30]} 23. Ra1 {[%clk
0:28:33]} Reb8 {[%clk 0:57:35]} 24. Ra2 {[%clk 0:28:36]} Rb4 {[%clk 0:49:25]} 25.
Bf1 {[%clk 0:27:35]} e4 {[%clk 0:46:52]} 26. Rea1 {[%clk 0:27:02]} Qe5 {[%clk
0:41:51]} 27. Rb1 {[%clk 0:18:18]} g5 {[%clk 0:38:18]} 28. Rxa6 {[%clk 0:17:03]}
Rxb2 {[%clk 0:37:54]} 29. Rxb2 {[%clk 0:17:23]} Rxb2 {[%clk 0:38:18]} 30. Qe3
{[%clk 0:16:30]} Ng4 {[%clk 0:28:40]} 31. Qxc5 {[%clk 0:16:48]} Kh7 {[%clk
0:29:02]} 32. Qa7 {[%clk 0:06:39]} Qf5 {[%clk 0:25:09]} 33. Ra2 {[%clk 0:06:44]}
Rb1 {[%clk 0:24:28]} 34. Re2 {[%clk 0:05:36]} Ne5 {[%clk 0:22:35]} 35. d6 {[%clk
0:03:12]} Qh3 {[%clk 0:20:07]} 0-1